Španielsky realitný zázrak

Španielsky realitný boom skončil. Zostali len vysoké ceny a malý záujem Španielov o nové byty či rodinné domy. Tak je v súčasnej dobe charakterizovaný španielsky realitný trh.

Gespeichert in:
Bibliographische Detailangaben
1. Verfasser: Juráčková, Lucia
Format: Buchkapitel
Sprache:Slowakisch
Schlagworte:
Tags: Tag hinzufügen
Keine Tags, Fügen Sie das erste Tag hinzu!

MARC

LEADER 00000naa a2200000 4500
001 0119156
005 20230831115443.6
041 0 |a slo 
044 |a SK 
245 1 0 |a Španielsky realitný zázrak  |c Lucia Juráčková 
520 |a Španielsky realitný boom skončil. Zostali len vysoké ceny a malý záujem Španielov o nové byty či rodinné domy. Tak je v súčasnej dobe charakterizovaný španielsky realitný trh. 
610 2 0 |a Španielsko 
610 2 0 |a trh hypotekárny 
610 2 0 |a byty 
610 2 0 |a nehnuteľnosti 
100 1 |a Juráčková, Lucia